LEADER 01415nam a22003615i 4500 001 991002243469707536 007 cr nn 008mamaa 008 121227s1987 gw | s |||| 0|eng d 020 $a9783540478515 035 $ab14143501-39ule_inst 040 $aBibl. Dip.le Aggr. Matematica e Fisica - Sez. Matematica$beng 082 04$a512.55$223 082 04$a512.482$223 084 $aAMS 13C05 084 $aAMS 13C10 084 $aAMS 13D10 245 00$aSingularities, representation of algebras, and vector bundles$h[e-book] :$bproceedings of a symposium held in Lambrecht/Pfalz, Fed. Rep. of Germany, dec. 13-17, 1985 /$cedited by Gert-Martin Greuel, Gunther Trautmann 260 $aBerlin :$bSpringer,$c1987 300 $a1 online resource (xvi, 384 p.) 440 0$aLecture Notes in Mathematics,$x0075-8434 ;$v1273 650 0$aMathematics 650 0$aGeometry, algebraic 650 0$aTopological Groups 650 0$aGlobal analysis (Mathematics) 700 1 $aGreuel, Gert-Martin 700 1 $aTrautmann, Gunther 773 0 $aSpringer eBooks 856 40$uhttp://dx.doi.org/10.1007/BFb0078834$zAn electronic book accessible through the World Wide Web 907 $a.b14143501$b03-03-22$c05-09-13 912 $a991002243469707536 996 $aSingularities, representation of algebras, and vector bundles$979899 997 $aUNISALENTO 998 $ale013$b05-09-13$cm$d@ $e-$feng$ggw $h0$i0 LEADER 01434nam0 22003011i 450 001 UON00139495 005 20231205102835.212 100 $a20020107f |0itac50 ba 101 $aeng 102 $aUS 105 $a|||| ||||| 200 1 $aNel cinquantenario dell'IsMEO$eDiscorso tenuto a Palazzo Brancaccio il 16 febbraio 1983. Testo italiano e traduzione inglese$fGherardo Gnoli 210 $aRoma$cIstituto Italiano per il Medio ed Estremo Oriente$d1983 215 $a42 p.$d23 cm 517 1$3UON00367893$aDiscorso tenuto a Palazzo Brancaccio il 16 febbraio 1983 620 $aIT$dRoma$3UONL000004 686 $aGEN F$cGENERALE - STORIA DELL'ORIENTALISMO$2A 700 1$aGNOLI$bGherardo$3UONV000089$0207863 712 02$aIstituto Italiano per il Medio ed Estremo Oriente$cRoma$3UONV008891 712 $aIsMEO$3UONV246169$4650 791 02$aIsMEO$zIstituto Italiano per il Medio ed Estremo Oriente $3UONV001956 791 02$aIstituto Italiano per l'Africa e l'Oriente $yIstituto Italiano per il Medio ed Estremo Oriente $3UONV026229 801 $aIT$bSOL$c20250221$gRICA 899 $aSIBA - SISTEMA BIBLIOTECARIO DI ATENEO$2UONSI 912 $aUON00139495 950 $aSIBA - SISTEMA BIBLIOTECARIO DI ATENEO$dSI MISC GEN F 002 $eSI SA 54757 5 002 996 $aNel cinquantenario dell'IsMEO$91278712 997 $aUNIOR